Little red riding hood. (Record no. 21720)
| 000 -LEADER | |
|---|---|
| fixed length control field | 00418nam a2200133 4500 |
| 003 - CONTROL NUMBER IDENTIFIER | |
| control field | OSt |
| 005 - DATE AND TIME OF LATEST TRANSACTION | |
| control field | 20260123105811.0 |
| 008 - FIXED-LENGTH DATA ELEMENTS--GENERAL INFORMATION | |
| fixed length control field | 260121b xxua|||| |||| 00| 0 eng d |
| 040 ## - CATALOGING SOURCE | |
| Transcribing agency | csu |
| 245 ## - TITLE STATEMENT | |
| Title | Little red riding hood. |
| 260 ## - PUBLICATION, DISTRIBUTION, ETC. (IMPRINT) | |
| Place of publication, distribution, etc | [Place of publication not identified] : |
| Name of publisher, distributor, etc | [name of publisher not identified], |
| Date of publication, distribution, etc | [date of publication not identified]. |
| 300 ## - PHYSICAL DESCRIPTION | |
| Extent | 32 pages : |
| Other physical details | color illustrations. |
| 942 ## - ADDED ENTRY ELEMENTS (KOHA) | |
| Koha item type | Books |
| Source of classification or shelving scheme | |
| Price effective from | Permanent Location | Date last seen | Not for loan | Date acquired | Source of classification or shelving scheme | Koha item type | Lost status | Withdrawn status | Copy number | Source of acquisition | Collection code | Damaged status | Barcode | Shelving location | Current Location | Full call number |
|---|---|---|---|---|---|---|---|---|---|---|---|---|---|---|---|---|
| Cagayan State University - Carig Library | 2026-01-21 | 2026-01-21 | Books | 1 | Donations | Children Section | C000375 | Children Section | Cagayan State University - Carig Library | CS C375 L727 | ||||||
| Cagayan State University - Carig Library | 2026-01-21 | 2026-01-21 | Books | 2 | Donations | Children Section | C000377 | Children Section | Cagayan State University - Carig Library | CS C377 L727 | ||||||
| 2026-01-21 | Cagayan State University - Carig Library | 2026-01-21 | 2026-01-21 | Books | 3 | Donations | Children Section | C000382 | Children Section | Cagayan State University - Carig Library | CS C382 L727 | |||||
| 2026-01-21 | Cagayan State University - Carig Library | 2026-01-22 | 2026-01-22 | Books | 4 | Donation | Children Section | C000374 | Children Section | Cagayan State University - Carig Library | CS C374 L727 | |||||
| 2026-01-22 | Cagayan State University - Carig Library | 2026-01-23 | 2026-01-23 | Books | 5 | Donations | Children Section | C000697 | Children Section | Cagayan State University - Carig Library | CS C697 L727 |